| 000 | 00394nam a2200157Ia 4500 | ||
|---|---|---|---|
| 008 | 210210b2001 xxu||||| |||| 00| 0 eng d | ||
| 020 | _a81 250 2049 7 | ||
| 082 | _a822.33 TORS | ||
| 100 | _aTOROPOV (Brandon). | ||
| 245 | _aShakespeare for beginners. | ||
| 260 |
_aHyderabad _bOrient Longman _c2001 |
||
| 300 | _a217 | ||
| 650 | _aShakespeare | ||
| 690 | _aEnglish Drama | ||
| 906 | _a059353 | ||
| 999 |
_c106441 _d106441 |
||